Онтологические основания проблемно-ориентированных исследований; Известия Томского политехнического университета [Известия ТПУ]; Т. 320, № 6 : Экономика. Философия, социология и культурология. История

Λεπτομέρειες βιβλιογραφικής εγγραφής
Parent link:Известия Томского политехнического университета [Известия ТПУ]/ Томский политехнический университет (ТПУ).— , 2000-
Т. 320, № 6 : Экономика. Философия, социология и культурология. История.— 2012.— [С. 56-63]
Κύριος συγγραφέας: Ардашкин И. Б. Игорь Борисович
Περίληψη:Заглавие с титульного листа
Электронная версия печатной публикации
Рассматриваются онтологические основания проблемно-ориентированных исследований. Констатируется, что проблемно-ориентированный процесс научного познания сопровождается двумя взаимообусловленными процессами: "субъективизацией объекта" и "объективизацией субъекта". Данные процессы идут виртуально. Сфера виртуальности выступает в качестве основного онтологического фона осуществления проблемно-ориентированных исследований. Подобное позволяет сохранить за наукой возможность считаться системой объективного знания. В то же время общество сохраняет существенные рычаги воздействия на развитие науки.
Γλώσσα:Ρωσικά
Έκδοση: 2012
Σειρά:Философия, социология и культурология
Θέματα:
Διαθέσιμο Online:http://earchive.tpu.ru/bitstream/11683/4280/1/bulletin_tpu-2012-320-6-12.pdf
Μορφή: Ηλεκτρονική πηγή Κεφάλαιο βιβλίου
KOHA link:https://koha.lib.tpu.ru/cgi-bin/koha/opac-detail.pl?biblionumber=220933

MARC

LEADER 00000nla2a2200000 4500
001 220933
005 20231225135614.0
035 |a (RuTPU)RU\TPU\book\241070 
035 |a RU\TPU\book\241068 
090 |a 220933 
100 |a 20120904d2012 k y0rusy50 ca 
101 0 |a rus 
102 |a RU 
135 |a drnn ---uucaa 
181 0 |a i  
182 0 |a b 
200 1 |a Онтологические основания проблемно-ориентированных исследований  |f И. Б. Ардашкин 
203 |a Текст  |c электронный 
215 |a 1 файл (77 Кб) 
225 1 |a Философия, социология и культурология 
300 |a Заглавие с титульного листа 
300 |a Электронная версия печатной публикации 
320 |a [Библиогр.: с. 63 (16 назв.)] 
330 |a Рассматриваются онтологические основания проблемно-ориентированных исследований. Констатируется, что проблемно-ориентированный процесс научного познания сопровождается двумя взаимообусловленными процессами: "субъективизацией объекта" и "объективизацией субъекта". Данные процессы идут виртуально. Сфера виртуальности выступает в качестве основного онтологического фона осуществления проблемно-ориентированных исследований. Подобное позволяет сохранить за наукой возможность считаться системой объективного знания. В то же время общество сохраняет существенные рычаги воздействия на развитие науки. 
337 |a Adobe Reader 
461 1 |0 (RuTPU)RU\TPU\book\176237  |t Известия Томского политехнического университета [Известия ТПУ]  |f Томский политехнический университет (ТПУ)  |d 2000- 
463 1 |0 (RuTPU)RU\TPU\book\241035  |x 1684-8519  |t Т. 320, № 6 : Экономика. Философия, социология и культурология. История  |v [С. 56-63]  |d 2012  |p 179 с. 
610 1 |a проблемы 
610 1 |a научная проблема 
610 1 |a философские основания 
610 1 |a проблемно-ориентированные исследования 
610 1 |a труды учёных ТПУ 
610 1 |a электронный ресурс 
700 1 |a Ардашкин  |b И. Б.  |c философ  |c профессор Томского политехнического университета, доктор философских наук  |f 1972-  |g Игорь Борисович  |3 (RuTPU)RU\TPU\pers\25417  |9 11359 
801 1 |a RU  |b 63413507  |c 20090623  |g PSBO 
801 2 |a RU  |b 63413507  |c 20211230  |g PSBO 
856 4 |u http://earchive.tpu.ru/bitstream/11683/4280/1/bulletin_tpu-2012-320-6-12.pdf 
942 |c CF